Top 80 Largest Cities In The USA - Statistics

General Stats
  • This quiz has been taken 188 times
    176 since last reset
  • The average score is 63 of 80
Answer Stats
Rank State 2023 Population City % Correct
3 Illinois 2,608,425 Chicago
100%
9 Texas 1,259,404 Dallas
100%
2 California 3,769,485 Los Angeles
100%
4 Texas 2,264,876 Houston
99%
1 New York 7,888,121 New York
99%
5 Arizona 1,651,344 Phoenix
98%
18 California 715,717 San Francisco
98%
24 District of Columbia 631,693 Washington
98%
29 Massachusetts 617,459 Boston
97%
19 Colorado 699,288 Denver
97%
6 Pennsylvania 1,527,886 Philadelphia
97%
44 Florida 435,919 Miami
96%
17 Washington 725,487 Seattle
96%
10 Texas 966,292 Austin
95%
16 Indiana 871,449 Indianapolis
95%
23 Nevada 653,843 Las Vegas
95%
7 Texas 1,479,493 San Antonio
95%
27 Michigan 621,193 Detroit
94%
11 Florida 962,970 Jacksonville
94%
20 Oklahoma 697,763 Oklahoma City
94%
8 California 1,374,076 San Diego
94%
22 Tennessee 658,525 Nashville
93%
71 Nevada 295,097 North Las Vegas
93%
50 Florida 393,264 Tampa
93%
39 Georgia 490,270 Atlanta
91%
37 Missouri 509,319 Kansas City
90%
35 California 528,306 Sacramento
90%
63 Florida 312,280 Orlando
88%
30 Maryland 563,455 Baltimore
87%
14 Ohio 907,865 Columbus
87%
56 Hawaii 337,088 Honolulu
87%
53 Louisiana 364,659 New Orleans
87%
28 Oregon 619,286 Portland
87%
15 North Carolina 885,663 Charlotte
86%
46 Minnesota 418,075 Minneapolis
86%
65 Ohio 306,592 Cincinnati
85%
54 Ohio 360,040 Cleveland
85%
25 Tennessee 621,777 Memphis
85%
41 North Carolina 472,540 Raleigh
85%
13 California 930,862 San Jose
85%
31 New Mexico 558,523 Albuquerque
84%
32 Wisconsin 555,640 Milwaukee
84%
80 New York 274,618 Buffalo
83%
21 Texas 678,049 El Paso
83%
45 California 422,994 Oakland
83%
12 Texas 961,885 Fort Worth
81%
26 Kentucky 621,764 Louisville
81%
77 Missouri 279,390 St. Louis
80%
75 Alaska 283,154 Anchorage
78%
40 Nebraska 479,655 Omaha
78%
69 Pennsylvania 295,793 Pittsburgh
78%
34 Arizona 546,019 Tucson
78%
48 Oklahoma 408,956 Tulsa
77%
38 Colorado 491,530 Colorado Springs
76%
66 New Jersey 301,055 Newark
72%
67 Minnesota 299,830 St. Paul
71%
33 California 549,242 Fresno
69%
42 Virginia 454,289 Virginia Beach
69%
51 Kansas 392,878 Wichita
69%
47 California 416,175 Bakersfield
67%
79 Nevada 278,577 Reno
67%
70 Nebraska 295,222 Lincoln
66%
43 California 439,153 Long Beach
64%
36 Arizona 516,783 Mesa
60%
61 Texas 317,615 Corpus Christi
59%
55 California 343,654 Anaheim
57%
52 Texas 390,399 Arlington
55%
60 Kentucky 320,576 Lexington
55%
68 North Carolina 299,175 Greensboro
53%
59 California 322,538 Riverside
53%
49 Colorado 394,941 Aurora
51%
62 California 314,384 Irvine
51%
73 North Carolina 287,794 Durham
46%
64 California 308,549 Santa Ana
45%
57 Nevada 328,516 Henderson
44%
72 Texas 291,450 Plano
41%
74 Arizona 283,301 Chandler
40%
58 California 324,888 Stockton
40%
76 Arizona 281,169 Gilbert
39%
78 California 278,734 Chula Vista
37%
No matching quizzes found
Score Distribution
Percent of People with Each Score
Percentile by Number Answered
Your Score History
You have not taken this quiz since the last reset